El arquetipo viril protagonista de la historia: ejercicios de lectura no androcéntrica
Uloženo v:
| Hlavní autor: | |
|---|---|
| Médium: | Kniha |
| Jazyk: | španělština |
| Vydáno: |
Barcelona
LaSal
1987
|
| Vydání: | 2a. ed |
| Edice: | Cuadernos Inacabados, 6
|
| Témata: | |
| Tagy: |
Přidat tag
Žádné tagy, Buďte první, kdo vytvoří štítek k tomuto záznamu!
|
MARC
| LEADER | 00000nam a2200000 a 4500 | ||
|---|---|---|---|
| 001 | UCK4068 | ||
| 003 | CL-VaPUC | ||
| 008 | 050520e19870000SP |||||||||||||||||spa|d | ||
| 020 | |a 8485627318 | ||
| 082 | 0 | 4 | |a 305.3 |b MOR |2 21 |
| 100 | |a Moreno Sardà, Amparo |e autora |9 533627 | ||
| 245 | 1 | 3 | |a El arquetipo viril protagonista de la historia: ejercicios de lectura no androcéntrica |
| 250 | |a 2a. ed | ||
| 300 | |a 118 p | ||
| 942 | |c BK | ||
| 945 | |d 20050520 00:00:00 |a cmena | ||
| 260 | |a Barcelona |b LaSal |c 1987 | ||
| 650 | 0 | |a Discriminación sexual |9 313877 | |
| 650 | 0 | |a Naturaleza humana |9 308593 | |
| 650 | 0 | |a Análisis del discurso |9 256696 | |
| 650 | 0 | |a Sociolingüística |9 263716 | |
| 583 | |a last modification |c 20050520 00:00:00 |k Rodrigo Vera | ||
| 490 | 0 | |a Cuadernos Inacabados, 6 | |
| 999 | |c 313043 |d 313041 | ||
| 952 | |0 0 |1 0 |4 0 |6 305_300000000000000_MOR_1987 |7 0 |8 A |9 384101 |a BIBCUR |b BIBCUR |d 2019-11-22 |i 4095324 |o 305.3 MOR 1987 |p 4095324 |r 2025-04-22 |w 2019-11-22 |y BK |k PER | ||